| 000 | 00709nam a22001937a 4500 | ||
|---|---|---|---|
| 999 |
_c61699 _d61699 |
||
| 005 | 20240418114359.0 | ||
| 008 | 240418s2007 enk||||| |||| 00| 0 eng d | ||
| 020 | _a9780198569855x | ||
| 041 | _aeng | ||
| 080 | _a616-08-039.75 E-25 | ||
| 245 |
_aEducation in Palliative Care : _bBuilding a Culture of Learning _cEdited Wee Bee, Nic Hughes. |
||
| 264 |
_aOxford : _bOxford University Press, _c2007. |
||
| 300 |
_a354 p.; _b26 cm. |
||
| 653 | _aპალიატიური მზრუნველობა | ||
| 653 | _aმედიცინა | ||
| 700 |
_aWee, Bee _eრედაქტორი _921856 |
||
| 700 |
_aHughes, Nic _eრედაქტორი _921857 |
||
| 942 |
_2udc _cᲬᲘᲒᲜᲘ |
||